Fiesta /

I tiakina i:
Ngā taipitopito rārangi puna kōrero
Kaituhi matua: Hemingway, Ernest (autor)
Ētahi atu kaituhi: Villoro, Juan (prólogo) (prólogo)
Hōputu: Pukapuka
Reo:Pāniora
I whakaputaina: Barcelona, España : Debate, 2003, c2003
Rangatū:(Punto de Rescate)
Ngā marau:
Ngā Tūtohu: Tāpirihia he Tūtohu
Kāore He Tūtohu, Me noho koe te mea tuatahi ki te tūtohu i tēnei pūkete!

MARC

LEADER 00000nam^a2200000^a^4500
001 000154181
005 20250521000000.0
009 20260310100344.055
020 |a 84-8306-531-2 
037 |a Acervo ITESO - Biblioteca 
041 |a ESP 
082 |a 813.  |b HEM 
100 |a Hemingway, Ernest  |e (autor) 
240 1 1 |a [Fiesta, de Ernest Hemingway] 
245 1 0 |a Fiesta /  |c E. Hemingway ; pról. de J. Villoro ; tr. por Joaquín Adsuar. 
264 4 |a Barcelona, España :  |b Debate,  |c 2003, c2003 
300 |a 286 p. 
336 |a texto  |b txt  |2 rdacontenido 
337 |a sin mediación  |b n  |2 rdamedio 
338 |a volumen  |b nc  |2 rdasoporte 
440 1 |a (Punto de Rescate) 
500 |a Traducción de: The Sun Also Rises 
545 0 |a Ernest Hemingway (1899-1961), escritor norteamericano. Premio Nobel de Literatura en 1954. Corresponsal extranjero en el Oriente y Grecia, fue un protagonista fundamental del París de los 20, período evocado en París era una fiesta (libro póstumo de 1964). Radicó por largas temporadas en Cuba. Sus títulos incluyen: En nuestro tiempo (1925); Aguas primaverales (1926); Ahora brilla el sol (Fiesta 1926); Adiós a las armas (1929); Muerte en la tarde (1932); Las verdes colinas de Africa (1935), Por quién doblan las campanas (1940) y El viejo y el mar (1952), entre otros. 
586 |a Premio Nobel de Literatura 1954 
649 |a XX 
650 |a Norteamericanos en Europa 
650 |a Novela Norteamericana 
650 |a Literatura Norteamericana -  |y Siglo XX 
650 |a Amor 
650 |a Relaciones de Pareja 
650 |a Corridas de Toros -  |z España 
650 |a París, Francia en la Literatura 
650 |a Pamplona, España en la Literatura 
650 |a Europa -  |x Historia -  |y 1918-1945 
650 |a Europa -  |x Historia -  |y Siglo XX 
700 |a Villoro, Juan  |e (prólogo) 
910 |a Fondo General 
920 |a Impresos - Libros 
930 |a Colección General 
940 |a Literatura 
905 |a 101 
901 |a 0500086609  |b IT1  |c LIT  |u 20250521 
902 |a https://opac.biblio.iteso.mx/vufind/Record/000154181